ბათუმის შოთა რუსთაველის სახელმწიფო უნივერსიტეტის ბიბლიოთეკა

ქორონიკონი-2007 (ბიბ.ჩანაწერი № 41861)

000 -LEADER
fixed length control field 00817nam a2200241Ia 4500
001 - CONTROL NUMBER
control field 8544
003 - CONTROL NUMBER IDENTIFIER
control field GE_BSU
008 - FIXED-LENGTH DATA ELEMENTS--GENERAL INFORMATION
fixed length control field 181216s||||||||xx |||||||||||||| ||und||
020 ## - INTERNATIONAL STANDARD BOOK NUMBER
International Standard Book Number 9789941100352
040 ## - CATALOGING SOURCE
Transcribing agency GE_BSU
080 ## - UNIVERSAL DECIMAL CLASSIFICATION NUMBER
Universal Decimal Classification number 821.353.1-1
100 ## - MAIN ENTRY--PERSONAL NAME
Personal name ალხაზიშვილი,გივი
245 ## - TITLE STATEMENT
Title ქორონიკონი-2007
245 ## - TITLE STATEMENT
Remainder of title ახალი ლექსები.
245 ## - TITLE STATEMENT
Statement of responsibility, etc. რედ:ქეთევან მასხარაშვილი;დიზ.დათო კუტუბიძე;ინგა ნავროზაშვილი.
260 ## - PUBLICATION, DISTRIBUTION, ETC.
Place of publication, distribution, etc. თბილისი.
260 ## - PUBLICATION, DISTRIBUTION, ETC.
Name of publisher, distributor, etc. მერიდიანი.
260 ## - PUBLICATION, DISTRIBUTION, ETC.
Date of publication, distribution, etc. 2008.
300 ## - PHYSICAL DESCRIPTION
Extent 164გვ;20სმ.
653 ## - INDEX TERM--UNCONTROLLED
Uncontrolled term ახალი ლექსები.
942 ## - ADDED ENTRY ELEMENTS (KOHA)
Koha item type წიგნი
ეგზემპლარები
Withdrawn status Lost status Damaged status Not for loan Date acquired Barcode Date last seen Price effective from Koha item type
        2018-12-17 30828 2018-12-17 2018-12-17 წიგნი
        2018-12-17 30829 2018-12-17 2018-12-17 წიგნი
        2018-12-17 30830 2018-12-17 2018-12-17 წიგნი
        2018-12-17 30831 2018-12-17 2018-12-17 წიგნი